000 00458nam a22001577a 4500
003 SGT
020 _a9789350351291
082 _a341.522BAN
100 _aBANSAL, ASHWINIE KUMAR
245 _aINTERNATIONAL COMMERCIAL ARBITRATION PRACTICE & PROCEDURE - ENFORCEMENT OF FOREIGN AWARDS (COVERING MORE THAN 75 COUNTRIES)
250 _a1ST
260 _aNEW DELHI
_bUNIVERSAL BOOKS
_c2012
300 _a1254
650 _aCOMMERCIAL ARBITRATION
942 _2ddc
_cBK
999 _c9716
_d9716